| 000 | 00761nam a2200253Ia 4500 | ||
|---|---|---|---|
| 003 | OSt | ||
| 005 | 20220918213413.0 | ||
| 006 | a|||||r|||| 00| 0 | ||
| 007 | ta | ||
| 008 | 220917b |||||||| |||| 00| 0 eng d | ||
| 024 | _a132,539 | ||
| 037 | _cTextual | ||
| 040 |
_aARTS _cARTS _beng |
||
| 041 |
_2eng _aeng |
||
| 082 | _aX:9.677.N7, M2 | ||
| 100 |
_aHansen Bent _9124103 |
||
| 245 | 0 |
_aEmployment oppertunities and equality in a changing economy _b Egypt in the 1980 Labour market approach |
|
| 260 |
_aGeneva _bInternational Labour _c1982 |
||
| 300 |
_axviii, 292p. _ccm. |
||
| 650 | _aECONOMICS | ||
| 700 |
_a Radwan Samir _916749 |
||
| 942 |
_hX:9.677.N7, M2 _cTEXL _2CC |
||
| 999 |
_c255650 _d255650 |
||